| 000 | 00707 a2200205 4500 | ||
|---|---|---|---|
| 999 |
_c7494 _d7494 |
||
| 020 | _a9781118147832 (pbk : alk. paper) | ||
| 050 | 0 | 0 | _aHF 5415.1265 TRE 2012 |
| 100 | 1 |
_aTreadaway, Chris, _d1974- _eauthor |
|
| 245 | 1 | 0 |
_aFacebook marketing : _ban hour a day / _cChris Treadaway, Mari Smith. |
| 250 | _a2nd ed. | ||
| 264 |
_aLondon : _bJohn Wiley & Sons _c2012 |
||
| 300 |
_axxii, 338 p. : _bill. ; |
||
| 500 | _aIncludes index. | ||
| 650 | 0 | _aInternet marketing. | |
| 650 | 0 |
_aSocial networks _xComputer network resources. |
|
| 700 | 1 |
_aSmith, Mari, _d1966- |
|
| 710 | 2 | _aFacebook (Firm) | |
| 942 |
_2lcc _cBK _e2nd _h5415.1265 _iTRE _kHF |
||